| 000 | 00394 a2200157 4500 | ||
|---|---|---|---|
| 001 | 158961 | ||
| 020 | _a | ||
| 040 | _cMagnum | ||
| 100 | _aSilva, Eduardo Roberto da | ||
| 240 | 1 | 0 |
_aO universo da ciencia / conservacao dos alimentos _lpor |
| 245 | 1 | 0 | _aO universo da ciencia / conservacao dos alimentos |
| 362 | 0 | _a1899 | |
| 440 | 1 | _aScipione | |
| 697 | _aMAGNITO: COLECAO | ||
| 942 | _cBK | ||
| 999 |
_c158961 _d158961 |
||